000 00283nam a2200121Ia 4500
008 241002s9999 xx 000 0 und d
082 _a808.3 WEL
100 _aWells, H. G
245 0 _aMr. Britling see it- through
260 _aLondon:
_c1968
600 _aLiterature
942 _cUC
999 _c18773
_d18773